Accountancy for CA intermediate course (Group I)12e: (Record no. 158451)
[ view plain ]
| 000 -LEADER | |
|---|---|
| fixed length control field | 00793nam a22002177a 4500 |
| 005 - DATE AND TIME OF LATEST TRANSACTION | |
| control field | 20181030104055.0 |
| 010 ## - LCCN (DPL NO) | |
| LC control number | ENG-124401 |
| 020 ## - INTERNATIONAL STANDARD BOOK NUMBER | |
| International Standard Book Number | 9789352535217 |
| Terms of availability | 895.00 |
| 035 ## - SYSTEM CONTROL NUMBER | |
| System control number | EN-107933 |
| 037 ## - SOURCE OF ACQUISITION | |
| Source of stock number/acquisition | DBAD/PUB |
| 082 ## - DEWEY DECIMAL CLASSIFICATION NUMBER | |
| Classification number | 657 |
| 100 ## - MAIN ENTRY--PERSONAL NAME | |
| Personal name | Tulsian P.C. |
| 245 ## - TITLE STATEMENT | |
| Title | Accountancy for CA intermediate course (Group I)12e: |
| Statement of responsibility, etc | by P.C. Tulsian [and] Bharat Tulsian |
| Remainder of title | a self-study textbook / |
| 250 ## - EDITION STATEMENT | |
| Edition statement | reprint update ed. |
| 260 ## - PUBLICATION, DISTRIBUTION, ETC. (IMPRINT) | |
| Place of publication, distribution, etc | New Delhi |
| Name of publisher, distributor, etc | S.Chand and Company Limited |
| Date of publication, distribution, etc | 2019 |
| 270 ## - ADDRESS | |
| Address | 7361, Ramnagar |
| City | New Delhi |
| Postal code | 110055 |
| Telephone number | 011-23672080-81-82 9899107446, 9911310888 |
| Fax number | 91-11-23677446 |
| Electronic mail address | info@schandgroup.com |
| 300 ## - PHYSICAL DESCRIPTION | |
| Extent | xiv, various paging |
| Dimensions | 27cm(pbk) |
| Other physical details | ill. |
| 500 ## - GENERAL NOTE | |
| General note | With Quick Revision Book |
| 700 ## - ADDED ENTRY--PERSONAL NAME | |
| Personal name | Tulsian, Bharat |
| 942 ## - ADDED ENTRY ELEMENTS (KOHA) | |
| Source of classification or shelving scheme | Dewey Decimal Classification |
| Item type | English Books |
| Classification part | 657 |
| Call number suffix | TUL |
| Withdrawn status | Lost status | Not for loan | Collection code | Home library | Current library | Date acquired | Source of acquisition | Cost, normal purchase price | Full call number | Barcode | Copy number | Cost, replacement price | Koha item type |
|---|---|---|---|---|---|---|---|---|---|---|---|---|---|
| Not For Loan | Non-fiction | D.B.Act.Division | Bawana | 30/10/2018 | DBAD/PUB | 895.00 | 657 TUL | EN-107933 | 1 | 895.00 | English Books |
